To Study the Effect of Different Levels of Tillage on Growth and Yield of Maize (Lea mays L.) in Chotanagpur Plateau (Record no. 50368)

MARC details
000 -LEADER
fixed length control field 00470nam a22001697a 4500
003 - CONTROL NUMBER IDENTIFIER
control field OSt
008 - FIXED-LENGTH DATA ELEMENTS--GENERAL INFORMATION
fixed length control field 260502b |||||||| |||| 00| 0 eng d
082 ## - DEWEY DECIMAL CLASSIFICATION NUMBER
Classification number 633.15
Item number M27S
100 ## - MAIN ENTRY--PERSONAL NAME
Personal name Mahto, Deo Nandan
245 ## - TITLE STATEMENT
Title To Study the Effect of Different Levels of Tillage on Growth and Yield of Maize (Lea mays L.) in Chotanagpur Plateau
260 ## - PUBLICATION, DISTRIBUTION, ETC. (IMPRINT)
Place of publication, distribution, etc Pusa
Name of publisher, distributor, etc RAU
Date of publication, distribution, etc 1979
300 ## - PHYSICAL DESCRIPTION
Extent 65P.
502 ## - DISSERTATION NOTE
Degree type Msc.
Year degree granted 1979
650 ## - SUBJECT ADDED ENTRY--TOPICAL TERM
Topical term or geographic name as entry element Agronomy
650 ## - SUBJECT ADDED ENTRY--TOPICAL TERM
Topical term or geographic name as entry element Msc.
942 ## - ADDED ENTRY ELEMENTS (KOHA)
Source of classification or shelving scheme
Koha item type Thesis
Holdings
Withdrawn status Lost status Source of classification or shelving scheme Damaged status Not for loan Home library Current library Date acquired Total Checkouts Full call number Barcode Date last seen Bill Date Koha item type
          Dr. Rajendra Prasad Central Agricultural University Pusa, Dr. Rajendra Prasad Central Agricultural University Pusa, 02/05/2026   633.15 M27S 31437 02/05/2026 02/05/2026 Thesis
Hosted, Implemented, Customized & Maintained by: BestBookBuddies

Powered by Koha